[Event "New Delhi op 19th"]
[Site "New Delhi"]
[Date "2022.03.22"]
[Round "1"]
[White "Dhruv, Khosla"]
[Black "Lalith, Babu MR"]
[Result "0-1"]
[WhiteElo "2072"]
[BlackElo "2558"]
[PlyCount "76"]
[EventDate "2022.03.22"]
[EventType "swiss"]
[EventRounds "10"]
[EventCountry "IND"]
[SourceTitle "CBM 207 Extra"]
[Source "ChessBase"]
[SourceDate "2022.05.31"]
[SourceVersion "1"]
[SourceVersionDate "2022.05.31"]
[SourceQuality "1"]

1. e4 e5 2. Nf3 Nc6 3. Bb5 a6 4. Ba4 Nf6 5. 0-0 Nxe4 6. d4 b5 7. Bb3 d5 8. dxe5 Be6 9. Qe2 Be7 10. Rd1 Na5 11. Nbd2 Nc5 12. Nd4 0-0 13. c4 bxc4 14. Nxc4 Nxc4 15. Bxc4 Qe8 16. Bb3 Nxb3 17. axb3 Bc8 18. Bf4 c5 19. Nb5 Qc6 20. Nd6 Be6 21. Qf3 f6 22. Nc4 Rac8 23. Na5 Qb5 24. Qg3 Bd8 25. Qc3 Bc7 26. h3 d4 27. Qe1 Rce8 28. Rdc1 fxe5 29. Bd2 Rf6 30. b4 Rg6 31. Rxc5 Qd7 32. Qc1 Bd6 33. Ra3 Bxc5 34. bxc5 Bd5 35. Rg3 Rxg3 36. fxg3 Qb5 37. Be1 e4 38. c6 e3 0-1

[Event "Novi Sad TS Mix 214th"]
[Site "Novi Sad"]
[Date "2021.08.05"]
[Round "7"]
[White "Dhruv, Khosla"]
[Black "Shivika, Rohilla"]
[Result "0-1"]
[WhiteElo "1982"]
[BlackElo "1893"]
[PlyCount "134"]
[EventDate "2021.08.01"]
[EventType "swiss"]
[EventRounds "10"]
[EventCountry "SRB"]
[SourceTitle "CBM 203 Extra"]
[Source "ChessBase"]
[SourceDate "2021.09.30"]
[SourceVersion "1"]
[SourceVersionDate "2021.09.30"]
[SourceQuality "1"]

1. e4 e5 2. Nf3 Nc6 3. Bb5 a6 4. Ba4 Nf6 5. 0-0 Nxe4 6. d4 b5 7. Bb3 d5 8. dxe5 Be6 9. Be3 Be7 10. c3 0-0 11. h3 Na5 12. Bc2 Nc4 13. Qc1 c5 14. b3 Nb6 15. Nfd2 Nxd2 16. Qxd2 b4 17. cxb4 d4 18. bxc5 dxe3 19. Qxd8 Bxd8 20. cxb6 Bxb6 21. a4 exf2+ 22. Kh1 Bd4 23. Ra2 Rab8 24. Nd2 Bd5 25. Bd3 Rfe8 26. Bxa6 Rxe5 27. Nf3 Bxf3 28. gxf3 g6 29. Bc4 Rg5 30. Raxf2 Bxf2 31. Rxf2 Kg7 32. Kh2 Rf5 33. h4 h6 34. Kg3 g5 35. f4 gxh4+ 36. Kxh4 Kf6 37. Kg3 h5 38. Kf3 h4 39. Rh2 Rh5 40. Rh3 Ke7 41. Kg4 Rbh8 42. b4 f5+ 43. Kf3 Rc8 44. Be2 Rh6 45. Kg2 Rc2 46. Re3+ Re6 47. Kf2 h3 48. Rxh3 Rcxe2+ 49. Kg3 R6e3+ 50. Kh4 Rxh3+ 51. Kxh3 Re4 52. Kh4 Rxb4 53. Kg5 Ke6 54. a5 Ra4 55. a6 Rxa6 56. Kg6 Ra1 57. Kg5 Rg1+ 58. Kh4 Rg4+ 59. Kh3 Rxf4 60. Kg3 Ke5 61. Kg2 Ke4 62. Kg3 Ke3 63. Kg2 Rf2+ 64. Kg3 f4+ 65. Kg4 f3 66. Kf5 Rd2 67. Ke5 f2 0-1

[Event "Novi Sad TS Mix 214th"]
[Site "Novi Sad"]
[Date "2021.08.04"]
[Round "5"]
[White "Popchev, Milko"]
[Black "Dhruv, Khosla"]
[Result "1/2-1/2"]
[WhiteElo "2248"]
[BlackElo "1982"]
[PlyCount "178"]
[EventDate "2021.08.01"]
[EventType "swiss"]
[EventRounds "10"]
[EventCountry "SRB"]
[SourceTitle "CBM 203 Extra"]
[Source "ChessBase"]
[SourceDate "2021.09.30"]
[SourceVersion "1"]
[SourceVersionDate "2021.09.30"]
[SourceQuality "1"]

1. d4 Nf6 2. g3 g6 3. Bg2 Bg7 4. e4 d6 5. Nc3 0-0 6. Nge2 c5 7. dxc5 dxc5 8. Qxd8 Rxd8 9. Be3 Na6 10. h3 Be6 11. 0-0 Rac8 12. Rfd1 b6 13. Nf4 Nb4 14. Nxe6 fxe6 15. Rdc1 Nc6 16. Ne2 Nd4 17. Kf1 Nd7 18. c3 Nxe2 19. Kxe2 Ne5 20. Rc2 Nc4 21. Bc1 b5 22. f4 e5 23. f5 Nd6 24. g4 Nf7 25. h4 Rd6 26. a4 Ra6 27. b3 c4 28. b4 Nd6 29. Rca2 Rxa4 30. Rxa4 bxa4 31. Rxa4 Nb5 32. Bd2 Rc6 33. Kd1 Bf6 34. g5 Bg7 35. Kc2 a6 36. Be3 Bf8 37. Ra1 h6 38. fxg6 Rxg6 39. Bf1 Rc6 40. Bc5 Nd6 41. g6 e6 42. h5 Nb7 43. Bxc4 Bxc5 44. Rxa6 Bb6 45. Kb3 Kg7 46. Ra8 Bd8 47. Bb5 Rc7 48. Ra6 Re7 49. c4 Bc7 50. c5 Bb8 51. Bc4 Nd8 52. c6 Kf6 53. b5 Rc7 54. Be2 Kg7 55. Bd1 Kf6 56. Ra8 Rc8 57. Kb2 Ke7 58. Ba4 Kd6 59. g7 Nxc6 60. Ra6 Ke7 61. Rxc6 Rg8 62. b6 Rxg7 63. Rc8 Rg2+ 64. Bc2 Bd6 65. b7 Rh2 66. Kc3 Rxh5 67. Ba4 Rh3+ 68. Kc4 Rh4 69. Bc6 Rh1 70. Re8+ Kf6 71. Bd7 Rc1+ 72. Kd3 Kg5 73. Bxe6 Rb1 74. Bd5 h5 75. Kc2 Rb5 76. Rd8 Bc7 77. Rd7 Bb8 78. Rh7 h4 79. Kc3 Rb6 80. Rh8 Bc7 81. Kc4 Rh6 82. Rc8 Bd6 83. Rd8 Bc7 84. Rd7 Bb8 85. Rg7+ Rg6 86. Rh7 Rh6 87. Rg7+ Rg6 88. Rh7 Rh6 89. Rg7+ Rg6 1/2-1/2

[Event "Vojvodina op 11th"]
[Site "Novi Sad"]
[Date "2021.07.25"]
[Round "2"]
[White "Dhruv, Khosla"]
[Black "Pajcin, Lav"]
[Result "1-0"]
[WhiteElo "1880"]
[BlackElo "2170"]
[PlyCount "115"]
[EventDate "2021.07.25"]
[EventType "swiss"]
[EventRounds "9"]
[EventCountry "SRB"]
[SourceTitle "CBM 203 Extra"]
[Source "ChessBase"]
[SourceDate "2021.09.30"]
[SourceVersion "1"]
[SourceVersionDate "2021.09.30"]
[SourceQuality "1"]

1. e4 c5 2. c3 Nf6 3. e5 Nd5 4. d4 cxd4 5. Nf3 Nc6 6. cxd4 d6 7. Bc4 Nb6 8. Bb5 dxe5 9. Nxe5 Bd7 10. Nxd7 Qxd7 11. Nc3 e6 12. 0-0 Be7 13. Qg4 0-0 14. Be3 Kh8 15. Rad1 a6 16. Bd3 Nb4 17. Bb1 N4d5 18. Bg5 Bxg5 19. Qxg5 h6 20. Qd2 Nxc3 21. bxc3 Nd5 22. Rc1 b5 23. c4 bxc4 24. Rxc4 Nf6 25. h3 Rfc8 26. Rfc1 Rxc4 27. Rxc4 Rc8 28. Qc2 Rb8 29. Qc1 Nd5 30. Bd3 Kg8 31. g3 h5 32. Qg5 Nf6 33. Qa5 Qb7 34. Rc7 Qd5 35. Qxa6 g6 36. Rc8+ Rxc8 37. Qxc8+ Kg7 38. Qc4 Qa5 39. a4 Nd5 40. Qb5 Qe1+ 41. Kg2 Qd2 42. a5 Ne3+ 43. Kf3 Nd1 44. Qe5+ Kf8 45. Qe2 Qc1 46. Qc2 Qa1 47. a6 Nc3 48. Kg2 Kg7 49. Qb3 Nd5 50. Qb8 Qxd4 51. a7 Nb6 52. Bb5 Kh6 53. a8Q Nxa8 54. Qxa8 h4 55. Qf8+ Kg5 56. f4+ Kf5 57. Qxf7+ Ke4 58. Qxe6+ 1-0

[Event "Novi Sad Put Svile Schev"]
[Site "Novi Sad"]
[Date "2021.??.??"]
[Round "5"]
[White "Petricevic, Vedran"]
[Black "Dhruv, Khosla"]
[Result "0-1"]
[WhiteElo "1691"]
[BlackElo "1880"]
[PlyCount "61"]
[EventDate "2021.07.20"]
[EventType "schev"]
[EventRounds "8"]
[EventCountry "SRB"]
[SourceTitle "EXT 2022"]
[Source "ChessBase"]
[SourceDate "2021.10.06"]
[SourceVersion "1"]
[SourceVersionDate "2021.10.06"]
[SourceQuality "1"]
[WhiteTeam "Theam A"]
[BlackTeam "Theam B"]
[WhiteTeamCountry "SRB"]
[BlackTeamCountry "SRB"]

1. c4 Nf6 2. g3 g6 3. Bg2 Bg7 4. Nf3 0-0 5. 0-0 d6 6. d4 Nc6 7. Nc3 a6 8. b3 Rb8 9. Bb2 b5 10. cxb5 axb5 11. d5 Na7 12. b4 c5 13. dxc6 Nxc6 14. a3 Qb6 15. Qd2 Be6 16. Rfe1 Ng4 17. e4 Nge5 18. Nd5 Bxd5 19. Qxd5 Nxf3+ 20. Bxf3 Bxb2 21. Ra2 Be5 22. Rc2 Ra8 23. Rxc6 Qa7 24. Qxb5 Rfb8 25. Qe2 Qxa3 26. b5 Qb4 27. Rc4 Qb3 28. Rec1 Rxb5 29. Kg2 Ra2 30. R1c2 Rxc2 31. Qxc2 0-1

[Event "Marianske Lazne op"]
[Site "Marianske Lazne"]
[Date "2020.01.22"]
[Round "6"]
[White "Jiruse, Josef"]
[Black "Dhruv, Khosla"]
[Result "0-1"]
[WhiteElo "2004"]
[BlackElo "1522"]
[PlyCount "40"]
[EventDate "2020.01.18"]
[EventType "swiss"]
[EventRounds "9"]
[EventCountry "CZE"]
[SourceTitle "EXT 2021"]
[Source "ChessBase"]
[SourceDate "2020.10.23"]
[SourceVersion "1"]
[SourceVersionDate "2020.10.23"]
[SourceQuality "1"]

1. e4 c5 2. Nc3 g6 3. Bc4 Bg7 4. d3 Nc6 5. f4 e6 6. Nf3 Nge7 7. 0-0 d5 8. Bb3 0-0 9. Qe1 b6 10. Qh4 Ba6 11. f5 dxe4 12. Ng5 h6 13. Nxe6 fxe6 14. Bxe6+ Kh7 15. Nxe4 Nxf5 16. Qh3 Qh4 17. Bxf5 Qxh3 18. Bxh3 Bd4+ 19. Nf2 Rxf2 20. Rxf2 Rf8 0-1

[Event "Commonwealth-ch U12"]
[Site "New Delhi"]
[Date "2019.07.02"]
[Round "2.1"]
[White "Dhruv, Khosla"]
[Black "Harsh, Suresh"]
[Result "0-1"]
[WhiteElo "1690"]
[BlackElo "1887"]
[PlyCount "106"]
[EventDate "2019.07.01"]
[EventType "swiss"]
[EventRounds "7"]
[EventCountry "IND"]
[SourceTitle "EXT 2024"]
[Source "ChessBase"]
[SourceDate "2023.10.10"]
[SourceVersion "1"]
[SourceVersionDate "2023.10.10"]
[SourceQuality "1"]

1. Nf3 Nf6 2. g3 b6 3. Bg2 Bb7 4. 0-0 g6 5. d3 Bg7 6. e4 d6 7. c3 0-0 8. Nbd2 e5 9. Re1 Nbd7 10. d4 Re8 11. Qc2 exd4 12. cxd4 c5 13. d5 b5 14. Nf1 c4 15. Bg5 h6 16. Bxf6 Qxf6 17. Rab1 Nc5 18. b3 cxb3 19. axb3 Qc3 20. Qxc3 Bxc3 21. N1d2 a5 22. Re3 b4 23. Bf1 Ba6 24. Bxa6 Rxa6 25. Rc1 Ra7 26. e5 dxe5 27. Nxe5 Bxd2 28. Ng4 Rxe3 29. Rxc5 Rc3 30. Rb5 Rxb3 31. d6 Bc3 32. Rb8+ Kg7 33. Rd8 Rb1+ 34. Kg2 Rd1 35. Ne3 Bf6 36. Rb8 Rxd6 37. h4 h5 38. g4 hxg4 39. h5 Rd8 40. h6+ Kxh6 41. Rb6 Bd4 42. Nf5+ Kg5 43. Nxd4 Rxd4 44. Kg3 Rd3+ 45. Kg2 f5 46. Re6 a4 47. f4+ Kxf4 48. Rxg6 a3 49. Rc6 Rd2+ 50. Kf1 b3 51. Ke1 Rc2 52. Rd6 a2 53. Rd4+ Ke5 0-1